000 00410cam a2200181 4500
001 D12740
008 090401t1901 xxu||||| |||| 00| 0 eng d
035 _a(Sirsi) u5402
041 _aeng
100 _aFletcher, Banister
245 4 _aThe London Building Act, 1894
250 _a3rd
260 _aLondon
_bB T Batsford
_c1901
350 _a0
520 _aShelf 115
942 _n0
948 _c04/03/1997
999 _c86173
_d86173